<?xml version="1.0" encoding="UTF-8"?>
<record
    xmlns:xsi="http://www.w3.org/2001/XMLSchema-instance"
    xsi:schemaLocation="http://www.loc.gov/MARC21/slim http://www.loc.gov/standards/marcxml/schema/MARC21slim.xsd"
    xmlns="http://www.loc.gov/MARC21/slim">

  <leader>01914nam a2200337 i 4500</leader>
  <controlfield tag="003">DO-SdBNP</controlfield>
  <controlfield tag="005">20260305073952.0</controlfield>
  <controlfield tag="006">a||||gr|||| 00| 0 </controlfield>
  <controlfield tag="007">ta</controlfield>
  <controlfield tag="008">240725e2024    dr ac||| |||| 00| e spa d</controlfield>
  <datafield tag="020" ind1=" " ind2=" ">
    <subfield code="a">9789945904819</subfield>
  </datafield>
  <datafield tag="040" ind1=" " ind2=" ">
    <subfield code="a">DO-SdBNP</subfield>
    <subfield code="b">spa</subfield>
    <subfield code="c">BNPHU</subfield>
    <subfield code="e">rda</subfield>
  </datafield>
  <datafield tag="082" ind1=" " ind2="4">
    <subfield code="2">22</subfield>
    <subfield code="b">D238t</subfield>
  </datafield>
  <datafield tag="100" ind1="1" ind2=" ">
    <subfield code="a">Estrella, Manuel</subfield>
    <subfield code="9">75738</subfield>
    <subfield code="e">autor</subfield>
  </datafield>
  <datafield tag="245" ind1="1" ind2="0">
    <subfield code="a">Tres discursos acad&#xE9;micos de los se&#xF1;ores Ing. Manuel Estrella, Dr. Frank Moya Pons y Dr. Andr&#xE9;s Dauhjre, hijo pronunciado en la ceremonia de puesta en circulaci&#xF3;n de o obra econom&#xED;a pol&#xED;tica y pol&#xED;tica econ&#xF3;mica desde las gradas del Dr. Andr&#xE9;s Dauhajre, hijo /</subfield>
    <subfield code="c">Manuel Estrella, Frank Moya Pons, Andr&#xE9;s Dauhjre.</subfield>
  </datafield>
  <datafield tag="264" ind1=" " ind2="1">
    <subfield code="a">Santo Domingo :</subfield>
    <subfield code="b">Ediciones del Caribe,</subfield>
    <subfield code="c">2024</subfield>
  </datafield>
  <datafield tag="300" ind1=" " ind2=" ">
    <subfield code="a">56 p&#xE1;ginas :</subfield>
    <subfield code="b">ilustraciones, retratos ;</subfield>
    <subfield code="c">23 cm.</subfield>
  </datafield>
  <datafield tag="336" ind1=" " ind2=" ">
    <subfield code="2">rdacontent</subfield>
    <subfield code="a">texto</subfield>
    <subfield code="b">txt</subfield>
  </datafield>
  <datafield tag="337" ind1=" " ind2=" ">
    <subfield code="2">rdamedia</subfield>
    <subfield code="a">sin mediaci&#xF3;n</subfield>
    <subfield code="b">n</subfield>
  </datafield>
  <datafield tag="338" ind1=" " ind2=" ">
    <subfield code="2">rdacarrier</subfield>
    <subfield code="a">volumen</subfield>
    <subfield code="b">nc</subfield>
  </datafield>
  <datafield tag="505" ind1=" " ind2=" ">
    <subfield code="a">Presentaci&#xF3;n</subfield>
    <subfield code="t">Discurso de presetaci&#xF3;n del Dr. Andr&#xE9;s Dauhjre, hijo /</subfield>
    <subfield code="r">Ing. Manuel Estrella.--</subfield>
    <subfield code="t">Discurso de presetaci&#xF3;n del libro "Pol&#xED;tica econ&#xF3;mica y econom&#xED;a pol&#xED;tica desde las gradas" /</subfield>
    <subfield code="r">Dr. Frank Moya Pons.--</subfield>
    <subfield code="t">Discurso del Dr. Andr&#xE9;s Dauhajre, hijo.--</subfield>
    <subfield code="t">Fotograf&#xED;as del acto de puesta en circulaci&#xF3;n.</subfield>
  </datafield>
  <datafield tag="590" ind1=" " ind2=" ">
    <subfield code="a">Inventariado 2024 / MF</subfield>
  </datafield>
  <datafield tag="600" ind1=" " ind2="4">
    <subfield code="a">Estrella, Manuel,</subfield>
    <subfield code="9">75738</subfield>
    <subfield code="t">Tres discursos acad&#xE9;micos.</subfield>
    <subfield code="x">Discursos, ensayos, conferencias, etc</subfield>
  </datafield>
  <datafield tag="600" ind1="1" ind2="0">
    <subfield code="a">Moya Pons, Frank,</subfield>
    <subfield code="d">1944-</subfield>
    <subfield code="x">Discursos, ensayos, conferencias, etc.</subfield>
    <subfield code="9">2095</subfield>
  </datafield>
  <datafield tag="600" ind1="1" ind2="0">
    <subfield code="a">Moya Pons, Frank,</subfield>
    <subfield code="d">1944-</subfield>
    <subfield code="x">Discursos, ensayos, conferencias, etc.</subfield>
    <subfield code="9">2095</subfield>
  </datafield>
  <datafield tag="650" ind1=" " ind2="4">
    <subfield code="a">Discursos</subfield>
    <subfield code="z">Rep&#xFA;blica Dominicana</subfield>
    <subfield code="9">30526</subfield>
  </datafield>
  <datafield tag="700" ind1="1" ind2=" ">
    <subfield code="a">Estrella, Manuel</subfield>
    <subfield code="e">autor</subfield>
    <subfield code="9">75738</subfield>
    <subfield code="t">Tres discursos acad&#xE9;micos.</subfield>
  </datafield>
  <datafield tag="700" ind1="1" ind2=" ">
    <subfield code="a">Moya Pons, Frank,</subfield>
    <subfield code="d">1944-</subfield>
    <subfield code="e">autor</subfield>
    <subfield code="t">Tres discursos acad&#xE9;micos.</subfield>
    <subfield code="9">2095</subfield>
  </datafield>
  <datafield tag="700" ind1="1" ind2=" ">
    <subfield code="a">Dauhajre, Andr&#xE9;s</subfield>
    <subfield code="e">autor</subfield>
    <subfield code="q">(hjo)</subfield>
    <subfield code="t">Tres discursos acad&#xE9;micos.</subfield>
    <subfield code="9">86162</subfield>
  </datafield>
  <datafield tag="942" ind1=" " ind2=" ">
    <subfield code="2">ddc</subfield>
    <subfield code="c">LBS1</subfield>
  </datafield>
  <datafield tag="952" ind1=" " ind2=" ">
    <subfield code="0">0</subfield>
    <subfield code="1">0</subfield>
    <subfield code="2">ddc</subfield>
    <subfield code="5">1</subfield>
    <subfield code="7">0</subfield>
    <subfield code="8">PD</subfield>
    <subfield code="a">BNPHU</subfield>
    <subfield code="b">BNPHU</subfield>
    <subfield code="c">CT</subfield>
    <subfield code="d">2024-06-25</subfield>
    <subfield code="e">Dep&#xF3;sito Legal  / Andr&#xE9;s Dauhajre, hijo</subfield>
    <subfield code="l">0</subfield>
    <subfield code="o">D238t</subfield>
    <subfield code="p">2024-4598</subfield>
    <subfield code="r">2024-07-25</subfield>
    <subfield code="w">2024-07-25</subfield>
    <subfield code="y">LBS1</subfield>
  </datafield>
  <datafield tag="952" ind1=" " ind2=" ">
    <subfield code="0">0</subfield>
    <subfield code="1">0</subfield>
    <subfield code="2">ddc</subfield>
    <subfield code="5">1</subfield>
    <subfield code="7">0</subfield>
    <subfield code="8">PD</subfield>
    <subfield code="a">BNPHU</subfield>
    <subfield code="b">BNPHU</subfield>
    <subfield code="c">CT</subfield>
    <subfield code="d">2024-06-25</subfield>
    <subfield code="e">Dep&#xF3;sito Legal  / Andr&#xE9;s Dauhajre, hijo</subfield>
    <subfield code="l">0</subfield>
    <subfield code="o">D238t</subfield>
    <subfield code="p">2024-4599</subfield>
    <subfield code="r">2024-07-25</subfield>
    <subfield code="t">e.2</subfield>
    <subfield code="w">2024-07-25</subfield>
    <subfield code="y">LBS1</subfield>
  </datafield>
  <datafield tag="952" ind1=" " ind2=" ">
    <subfield code="0">0</subfield>
    <subfield code="1">0</subfield>
    <subfield code="2">ddc</subfield>
    <subfield code="5">6</subfield>
    <subfield code="7">0</subfield>
    <subfield code="8">DS</subfield>
    <subfield code="a">BNPHU</subfield>
    <subfield code="b">BNPHU</subfield>
    <subfield code="c">CT</subfield>
    <subfield code="d">2024-06-25</subfield>
    <subfield code="e">Dep&#xF3;sito Legal  / Andr&#xE9;s Dauhajre, hijo</subfield>
    <subfield code="l">0</subfield>
    <subfield code="o">D238t</subfield>
    <subfield code="p">2024-4600</subfield>
    <subfield code="r">2024-07-25</subfield>
    <subfield code="t">e.3</subfield>
    <subfield code="w">2024-07-25</subfield>
    <subfield code="y">LBS1</subfield>
  </datafield>
  <datafield tag="999" ind1=" " ind2=" ">
    <subfield code="c">57353</subfield>
    <subfield code="d">57353</subfield>
  </datafield>
</record>
